<?xml version="1.0" encoding="UTF-8"?><?xml-stylesheet type="text/xsl" href="static/style.xsl"?><OAI-PMH xmlns="http://www.openarchives.org/OAI/2.0/" xmlns:xsi="http://www.w3.org/2001/XMLSchema-instance" xsi:schemaLocation="http://www.openarchives.org/OAI/2.0/ http://www.openarchives.org/OAI/2.0/OAI-PMH.xsd"><responseDate>2026-04-27T21:31:46Z</responseDate><request verb="GetRecord" identifier="oai:uvadoc.uva.es:10324/28450" metadataPrefix="marc">https://uvadoc.uva.es/oai/request</request><GetRecord><record><header><identifier>oai:uvadoc.uva.es:10324/28450</identifier><datestamp>2021-06-29T19:27:08Z</datestamp><setSpec>com_10324_38</setSpec><setSpec>col_10324_852</setSpec></header><metadata><record xmlns="http://www.loc.gov/MARC21/slim" xmlns:doc="http://www.lyncode.com/xoai" xmlns:xsi="http://www.w3.org/2001/XMLSchema-instance" xmlns:dcterms="http://purl.org/dc/terms/" xsi:schemaLocation="http://www.loc.gov/MARC21/slim http://www.loc.gov/standards/marcxml/schema/MARC21slim.xsd">
<leader>00925njm 22002777a 4500</leader>
<datafield tag="042" ind1=" " ind2=" ">
<subfield code="a">dc</subfield>
</datafield>
<datafield tag="720" ind1=" " ind2=" ">
<subfield code="a">García Medina, Ana</subfield>
<subfield code="e">author</subfield>
</datafield>
<datafield tag="260" ind1=" " ind2=" ">
<subfield code="c">2017</subfield>
</datafield>
<datafield tag="520" ind1=" " ind2=" ">
<subfield code="a">Con este proyecto pretendo investigar por una parte los efectos negativos que causa en Europa la falta de conciliación, y de otra estudiar los diferentes tipos de conciliación que se dan en los países nórdicos, Suecia Finlandia y Noruega, y compararlos con los que se dan en España. Para ello diferenciaremos entre medidas de conciliación obligatorias (estipuladas por los gobiernos nacionales) y medidas de conciliación voluntarias (medidas que toman las empresas mejorando las ayudas ya creadas o impulsando nuevas).&#xd;
La elección de estos tres países nórdicos para realizar el análisis comparativo, se debe a dos motivos; por un lado, que los tres países son pioneros en conciliación laboral. De otro lado, todos ellos tienen en común, el que a pesar de trabajar menos horas son más productivos y en menos tiempo pueden realizar el mismo trabajo que otros empleados de otros países con jornadas más largas</subfield>
</datafield>
<datafield tag="024" ind2=" " ind1="8">
<subfield code="a">http://uvadoc.uva.es/handle/10324/28450</subfield>
</datafield>
<datafield tag="245" ind1="0" ind2="0">
<subfield code="a">La retribución emocional ofrecida por la empresa a los empleados. Medidas para facilitar la conciliación de la vida laboral-personal.</subfield>
</datafield>
</record></metadata></record></GetRecord></OAI-PMH>